[Event "Frankfurt-chA"]
[Site "Frankfurt"]
[Date "2013.06.03"]
[Round "5"]
[White "Reichel, Rolf"]
[Black "Schneider, Marco"]
[Result "0-1"]
[WhiteElo "1776"]
[BlackElo "1778"]
[PlyCount "78"]
[EventDate "2013.04.29"]
[EventType "swiss"]
[EventRounds "7"]
[EventCountry "GER"]
[SourceTitle "EXT 2014"]
[Source "ChessBase"]
[SourceDate "2013.11.20"]
[SourceVersion "1"]
[SourceVersionDate "2013.11.20"]
[SourceQuality "1"]

1. e4 d6 2. d4 g6 3. Nf3 Bg7 4. Bd3 Nc6 5. c3 e5 6. d5 Nce7 7. Bg5 h6 8. Bd2 c6 9. c4 cxd5 10. cxd5 f5 11. Nc3 Nf6 12. 0-0 0-0 13. Qb3 Nd7 14. Qc2 a6 15. b4 b6 16. Rfc1 Nf6 17. Qb3 Bb7 18. Nxe5 Nxe4 19. Nf3 Nxd2 20. Nxd2 Rc8 21. Ndb1 Bxd5 22. Qd1 Bc4 23. Bxc4+ Rxc4 24. Qb3 d5 25. Nd2 Rc8 26. Rc2 Kh7 27. Rac1 d4 28. Nd1 Rxc2 29. Rxc2 Re8 30. Nb2 Nd5 31. Nd3 Nc3 32. Nf1 Qe7 33. h3 Qe4 34. Rd2 Re7 35. Ng3 Qb7 36. Kh2 Qc7 37. Kh1 Ne4 38. Nf1 Nxd2 39. Nxd2 Qc3 0-1

[Event "Frankfurt-chA"]
[Site "Frankfurt"]
[Date "2013.05.06"]
[Round "2"]
[White "Heun, Andreas"]
[Black "Schneider, Marco"]
[Result "0-1"]
[WhiteElo "1519"]
[BlackElo "1778"]
[PlyCount "52"]
[EventDate "2013.04.29"]
[EventType "swiss"]
[EventRounds "7"]
[EventCountry "GER"]
[SourceTitle "EXT 2014"]
[Source "ChessBase"]
[SourceDate "2013.11.20"]
[SourceVersion "1"]
[SourceVersionDate "2013.11.20"]
[SourceQuality "1"]

1. e4 g6 2. Nc3 Bg7 3. f4 d6 4. Nf3 e6 5. Bb5+ Nd7 6. 0-0 Ne7 7. Qe1 a6 8. Bc4 b5 9. Bb3 Bb7 10. d3 0-0 11. Qh4 d5 12. Ng5 h6 13. Nf3 b4 14. f5 bxc3 15. Bxh6 Nxf5 16. Qxd8 Raxd8 17. Bg5 dxe4 18. dxe4 Bxe4 19. Bxd8 cxb2 20. Rae1 Bxf3 21. Rxf3 Rxd8 22. Rd3 Nd6 23. c4 Nc5 24. Rdd1 Rb8 25. Bc2 Nxc4 26. Bb1 Na3 0-1

[Event "Frankfurt-chA"]
[Site "Frankfurt"]
[Date "2012.05.14"]
[Round "3"]
[White "Tierling, Detlef"]
[Black "Schneider, Marco"]
[Result "1-0"]
[WhiteElo "1942"]
[BlackElo "1750"]
[PlyCount "55"]
[EventDate "2012.04.30"]
[EventType "swiss"]
[EventRounds "7"]
[EventCountry "GER"]
[SourceTitle "EXT 2013"]
[Source "ChessBase"]
[SourceDate "2012.11.22"]
[SourceVersion "1"]
[SourceVersionDate "2012.11.22"]
[SourceQuality "1"]

1. Nf3 d6 2. d4 g6 3. e4 Bg7 4. Bf4 c5 5. c3 cxd4 6. cxd4 Nf6 7. Nc3 0-0 8. Qd2 a6 9. Be2 b5 10. a3 Bb7 11. d5 Nbd7 12. Bd3 Nc5 13. Bc2 Rc8 14. Nd4 e5 15. dxe6 fxe6 16. Bg5 Bxe4 17. 0-0 Bxc2 18. Qxc2 e5 19. Nf3 Qe8 20. Rad1 Qc6 21. Bxf6 Bxf6 22. Nd5 Ne6 23. Qe4 Qc4 24. Nxf6+ Rxf6 25. Qxc4 Rxc4 26. Rxd6 Kg7 27. Nxe5 Nc5 28. Nxc4 1-0

[Event "Frankfurt-chA"]
[Site "Frankfurt"]
[Date "2012.05.08"]
[Round "2"]
[White "Schneider, Marco"]
[Black "Fischer, Lutz"]
[Result "1-0"]
[WhiteElo "1750"]
[BlackElo "1530"]
[PlyCount "69"]
[EventDate "2012.04.30"]
[EventType "swiss"]
[EventRounds "7"]
[EventCountry "GER"]
[SourceTitle "EXT 2013"]
[Source "ChessBase"]
[SourceDate "2012.11.22"]
[SourceVersion "1"]
[SourceVersionDate "2012.11.22"]
[SourceQuality "1"]

1. Nf3 Nf6 2. d3 d5 3. g3 c5 4. Bg2 e6 5. Nbd2 Be7 6. 0-0 0-0 7. Re1 Nc6 8. c3 Qc7 9. e4 Rd8 10. Qc2 b6 11. Nf1 Bb7 12. e5 Nd7 13. Bf4 Rac8 14. h4 h5 15. Rac1 Nf8 16. d4 Qd7 17. Qe2 cxd4 18. Nxd4 g6 19. Nf3 Nh7 20. Red1 Rf8 21. Bh3 Rfe8 22. Ne3 Na5 23. Rd2 Nc4 24. Nxc4 Rxc4 25. Qxc4 dxc4 26. Rxd7 Bxf3 27. Rxa7 g5 28. hxg5 Nxg5 29. Bg2 Bg4 30. Rxe7 Nf3+ 31. Bxf3 Rxe7 32. Bxg4 hxg4 33. Rd1 Kg7 34. Rd6 Rb7 35. Kf1 1-0